[Event "ESP-ch Seniors 50"]
[Site "Altea"]
[Date "2021.11.06"]
[Round "8"]
[White "Blanco Sanchez, Jose Fernando"]
[Black "Canales Garcia, Vicenc"]
[Result "1-0"]
[WhiteElo "1981"]
[BlackElo "1999"]
[PlyCount "85"]
[EventDate "2021.10.31"]
[EventType "swiss"]
[EventRounds "9"]
[EventCountry "ESP"]
[SourceTitle "CBM 205 Extra"]
[Source "ChessBase"]
[SourceDate "2022.01.31"]
[SourceVersion "1"]
[SourceVersionDate "2022.01.31"]
[SourceQuality "1"]

1. e4 e6 2. d4 d5 3. exd5 exd5 4. Bd3 Nf6 5. Bg5 Be7 6. Ne2 0-0 7. 0-0 Re8 8. c3 h6 9. Bh4 Nbd7 10. Nd2 b6 11. Re1 Bb7 12. Nf1 Ne4 13. Bxe7 Qxe7 14. f3 Nd6 15. Neg3 Qxe1 16. Qxe1 Rxe1 17. Rxe1 Kf8 18. Nf5 Nxf5 19. Bxf5 Nf6 20. Re5 Re8 21. f4 g6 22. Bd3 Nd7 23. Rxe8+ Kxe8 24. Ne3 Ke7 25. Ng4 h5 26. Ne5 Nxe5 27. fxe5 c5 28. h4 cxd4 29. cxd4 Bc8 30. Kf2 Bg4 31. Ke3 Bd7 32. Kf4 Bc6 33. Kg5 Bd7 34. Ba6 Bc6 35. g3 Bd7 36. Bb7 Be6 37. b4 a5 38. bxa5 bxa5 39. Bc6 f6+ 40. exf6+ Kf7 41. a3 Kf8 42. Kxg6 Bf7+ 43. Kg5 1-0

[Event "Vilafranca del Penedes op 11th"]
[Site "Vilafranca del Penedes"]
[Date "2017.05.26"]
[Round "8"]
[White "Canales Garcia, Vicenc"]
[Black "Fernandez Soriano, Ruben"]
[Result "1-0"]
[WhiteElo "2154"]
[BlackElo "2300"]
[PlyCount "83"]
[EventDate "2017.03.31"]
[EventType "swiss"]
[EventRounds "8"]
[EventCountry "ESP"]
[SourceTitle "EXT 2018"]
[Source "ChessBase"]
[SourceDate "2017.10.13"]
[SourceVersion "1"]
[SourceVersionDate "2017.10.13"]
[SourceQuality "1"]

1. e4 g6 2. d4 Bg7 3. Nc3 c6 4. f4 d5 5. e5 h5 6. Bd3 Nh6 7. Nf3 Bf5 8. Ne2 e6 9. Ng5 Qb6 10. a4 a5 11. Ra3 Bf8 12. Rb3 Qc7 13. 0-0 Be7 14. c4 Bxd3 15. Qxd3 Nf5 16. cxd5 cxd5 17. Qb5+ Qc6 18. Qxb7 Qxb7 19. Rxb7 Bxg5 20. fxg5 Nc6 21. Bd2 0-0 22. Bc3 Rfb8 23. Rxb8+ Rxb8 24. Kf2 Nb4 25. Nc1 Rc8 26. Nb3 Nd3+ 27. Ke2 Nxb2 28. Nc5 Nc4 29. Rb1 h4 30. Rb5 Nfe3 31. Bxa5 Nxg2 32. Bd2 h3 33. a5 Nh4 34. a6 Ra8 35. Rb7 Nxd2 36. Kxd2 Nf3+ 37. Ke3 Nxh2 38. a7 Kg7 39. Nxe6+ Kh7 40. Nc7 Ng4+ 41. Kf3 h2 42. Kg2 1-0

[Event "Masdenverge op 5th"]
[Site "Masdenverge"]
[Date "2016.06.26"]
[Round "6"]
[White "Canales Garcia, Vicenc"]
[Black "Roig Aguilar, Alejandro"]
[Result "0-1"]
[WhiteElo "2026"]
[BlackElo "2192"]
[PlyCount "94"]
[EventDate "2016.06.24"]
[EventType "swiss"]
[EventRounds "7"]
[EventCountry "ESP"]
[SourceTitle "EXT 2017"]
[Source "ChessBase"]
[SourceDate "2016.10.25"]
[SourceVersion "1"]
[SourceVersionDate "2016.10.25"]
[SourceQuality "1"]

1. c4 c5 2. g3 Nc6 3. Bg2 e5 4. Nc3 g6 5. e3 Bg7 6. Nge2 a6 7. 0-0 Nge7 8. a3 0-0 9. Rb1 a5 10. Nd5 d6 11. Nec3 Be6 12. d3 Kh8 13. e4 Rb8 14. Be3 h6 15. b4 axb4 16. axb4 Bxd5 17. b5 Be6 18. bxc6 Nxc6 19. Nb5 f5 20. Qd2 Kh7 21. Rfc1 Rf7 22. f3 Qf8 23. Bf2 h5 24. Qe2 Bh6 25. Rc2 Nd4 26. Nxd4 cxd4 27. Rcb2 Qc8 28. Rb6 Bf8 29. Be1 Bd7 30. Bd2 Bc6 31. Bg5 fxe4 32. fxe4 Ra8 33. h3 Ra3 34. Rf1 Qe8 35. Rbb1 Rxf1+ 36. Rxf1 Bg7 37. Bf6 Bh6 38. g4 Bf4 39. Bf3 Qe6 40. Bd8 g5 41. h4 gxh4 42. Bxh4 Ra8 43. Kh1 hxg4 44. Bxg4 Qh6 45. Bf5+ Kh8 46. Rxf4 exf4 47. Qh2 Ra1+ 0-1

[Event "Martorell op 23rd"]
[Site "Martorell"]
[Date "2015.10.31"]
[Round "6"]
[White "Porta Tovar, Guillem"]
[Black "Canales Garcia, Vicenc"]
[Result "1-0"]
[WhiteElo "2247"]
[BlackElo "2138"]
[PlyCount "49"]
[EventDate "2015.09.19"]
[EventType "swiss"]
[EventRounds "8"]
[EventCountry "ESP"]
[SourceTitle "EXT 2017"]
[Source "ChessBase"]
[SourceDate "2016.10.25"]
[SourceVersion "1"]
[SourceVersionDate "2016.10.25"]
[SourceQuality "1"]

1. e4 c5 2. Nf3 d6 3. d4 cxd4 4. Nxd4 Nf6 5. Nc3 g6 6. Bc4 Bg7 7. Be3 0-0 8. f3 Nc6 9. Qd2 Bd7 10. Bb3 Rc8 11. h4 h5 12. 0-0-0 Nxd4 13. Bxd4 b5 14. g4 b4 15. Nd5 Nxd5 16. Bxg7 Kxg7 17. exd5 a5 18. gxh5 Qb6 19. hxg6 a4 20. h5 f6 21. Rdg1 Qxg1+ 22. Rxg1 Rh8 23. Qe2 e5 24. dxe6 axb3 25. exd7 1-0

[Event "Martorell op 23rd"]
[Site "Martorell"]
[Date "2015.10.24"]
[Round "5"]
[White "Canales Garcia, Vicenc"]
[Black "Sanchez Martin, Marc"]
[Result "1-0"]
[WhiteElo "2138"]
[BlackElo "2007"]
[PlyCount "107"]
[EventDate "2015.09.19"]
[EventType "swiss"]
[EventRounds "8"]
[EventCountry "ESP"]
[SourceTitle "EXT 2017"]
[Source "ChessBase"]
[SourceDate "2016.10.25"]
[SourceVersion "1"]
[SourceVersionDate "2016.10.25"]
[SourceQuality "1"]

1. c4 e5 2. Nc3 f5 3. g3 Nf6 4. Bg2 c6 5. Qb3 Bc5 6. e3 Qe7 7. Nge2 Na6 8. 0-0 e4 9. a3 Bb6 10. Na4 Bc7 11. d4 h5 12. Nac3 h4 13. f3 hxg3 14. hxg3 b6 15. Qc2 d5 16. cxd5 Bb7 17. fxe4 fxe4 18. Nxe4 Nxe4 19. Bxe4 0-0-0 20. dxc6 Ba8 21. Bf5+ Kb8 22. e4 g6 23. Bxg6 Bxc6 24. d5 Bb5 25. Nd4 Qd6 26. Nxb5 Qxg6 27. Nxc7 Qxg3+ 28. Qg2 Qxg2+ 29. Kxg2 Rdg8+ 30. Kf2 Rf8+ 31. Ke1 Rxf1+ 32. Kxf1 Nxc7 33. Kg2 Rh4 34. Kf3 Rh1 35. b4 Kc8 36. Bb2 Rh3+ 37. Kg4 Rb3 38. Be5 Nb5 39. a4 Na3 40. Rc1+ Kd8 41. Rc3 Rxc3 42. Bxc3 Nc4 43. Kf4 a6 44. e5 b5 45. axb5 axb5 46. Ke4 Kd7 47. Kd4 Kc7 48. Kc5 Na3 49. e6 Nc4 50. Be1 Ne3 51. Bg3+ Kd8 52. d6 Nf5 53. Be5 Ke8 54. Kxb5 1-0

[Event "Vilafranca del Penedes op 7th"]
[Site "Vilafranca del Penedes"]
[Date "2013.05.24"]
[Round "8"]
[White "Febrero Perez, Lluis"]
[Black "Canales Garcia, Vicenc"]
[Result "0-1"]
[WhiteElo "1648"]
[BlackElo "2030"]
[PlyCount "80"]
[EventDate "2013.04.05"]
[EventType "swiss"]
[EventRounds "8"]
[EventCountry "ESP"]
[SourceTitle "EXT 2014"]
[Source "ChessBase"]
[SourceDate "2013.11.20"]
[SourceVersion "1"]
[SourceVersionDate "2013.11.20"]
[SourceQuality "1"]

1. e4 e6 2. d4 d5 3. e5 c5 4. c3 Qb6 5. a3 Nc6 6. Nf3 c4 7. Be2 Na5 8. Nbd2 Bd7 9. Rb1 f5 10. b3 cxb3 11. Nxb3 Ba4 12. Nfd2 Rc8 13. Qc2 Ne7 14. Qb2 Nec6 15. Nxa5 Qxb2 16. Bxb2 Nxa5 17. 0-0 Be7 18. Bh5+ g6 19. Be2 0-0 20. Bd1 Bxd1 21. Rfxd1 Rc6 22. a4 Rfc8 23. Ba1 Ra6 24. Bb2 Nc4 25. Bc1 b6 26. Ra1 Nxd2 27. Rxd2 Rxc3 28. Rda2 Rc4 29. Be3 Bb4 30. Rc1 b5 31. Kf1 Rxa4 32. Rca1 Rxa2 33. Rxa2 a5 34. Ke2 Kf7 35. Kd3 Ke7 36. Rc2 Rxc2 37. Kxc2 Kd7 38. Kb3 Kc6 39. Bg5 Be1 40. f3 Bf2 0-1

[Event "Vilafranca del Penedes op 7th"]
[Site "Vilafranca del Penedes"]
[Date "2013.04.26"]
[Round "4"]
[White "Khaidorov, Viacheslav"]
[Black "Canales Garcia, Vicenc"]
[Result "1-0"]
[WhiteElo "2281"]
[BlackElo "2030"]
[PlyCount "85"]
[EventDate "2013.04.05"]
[EventType "swiss"]
[EventRounds "8"]
[EventCountry "ESP"]
[SourceTitle "EXT 2014"]
[Source "ChessBase"]
[SourceDate "2013.11.20"]
[SourceVersion "1"]
[SourceVersionDate "2013.11.20"]
[SourceQuality "1"]

1. d4 Nf6 2. c4 e5 3. dxe5 Ng4 4. Bf4 Nc6 5. Nf3 Bb4+ 6. Nbd2 Qe7 7. a3 Bxd2+ 8. Qxd2 Ngxe5 9. Nxe5 Nxe5 10. e3 0-0 11. Be2 d6 12. 0-0 Be6 13. Qb4 a5 14. Qc3 f6 15. b3 b6 16. Bg3 Bf5 17. Rfd1 g5 18. Rd2 Rf7 19. f3 h5 20. e4 Be6 21. Re1 Ng6 22. Kh1 Kg7 23. Qe3 h4 24. Bf2 Nf4 25. Bf1 Rh8 26. b4 a4 27. c5 bxc5 28. bxc5 Rb8 29. cxd6 cxd6 30. Rc2 Rb3 31. Qc1 Nd3 32. Bxd3 Rxd3 33. f4 h3 34. gxh3 Bxh3 35. Rc3 Rxc3 36. Qxc3 g4 37. Bd4 Qb7 38. Kg1 Qc7 39. Bxf6+ Kf8 40. Qb2 Qc5+ 41. Bd4 Qc7 42. Rc1 Rxf4 43. Be3 1-0